| 000 | 00656nam a2200241Ia 4500 | ||
|---|---|---|---|
| 005 | 20250425162326.0 | ||
| 008 | 250425s9999 xx 000 0 und d | ||
| 020 | _a9781422114926 | ||
| 041 | _aeng | ||
| 082 | _a658.81 | ||
| 100 | _aHARVARD, BUSINESS REVIEW | ||
| 245 | 0 | _aHARVARD BUSINESS REVIEW ON STRATEGIC SALES MANAGEMENT | |
| 250 | _aS.E. | ||
| 260 | _aBOSTON | ||
| 260 |
_aEstados Unidos _bHARVARD BUSINESS SCHOOL PRESS _c2007 |
||
| 300 | _a197 | ||
| 500 | _aTHE HARVARD BUSINESS REVIEW PAPERBACK SERIES | ||
| 650 | _aGESTION DE VENTAS | ||
| 650 | _aNEGOCIOS | ||
| 710 | _aHARVARD BUSINESS REVIEW | ||
| 942 | _c01 | ||
| 010 | _a62356 | ||
| 999 |
_c226924 _d226924 |
||